General topology
Bewaard in:
| Hoofdauteur: | |
|---|---|
| Formaat: | Boek |
| Taal: | Engels |
| Gepubliceerd in: |
New York, USA
Dover Publications
2004
|
| Onderwerpen: | |
| Online toegang: | Disponible Online |
| Tags: |
Voeg label toe
Geen labels, Wees de eerste die dit record labelt!
|
MARC
| LEADER | 00000cam a2200000 a 4500 | ||
|---|---|---|---|
| 001 | UCD8943 | ||
| 003 | CL-VaPUC | ||
| 005 | 20210624001443.0 | ||
| 008 | 170527e20040000us |||||||||||||||||eng|d | ||
| 999 | |c 368249 |d 368247 | ||
| 020 | |a 9780486434797 | ||
| 020 | |a 0486434796 | ||
| 040 | |c Pontificia Universidad Católica de Valparaíso | ||
| 082 | 0 | 4 | |a 514.3 WIL 2004 |2 21 |
| 100 | 0 | |a Willard, Stephen |e author |9 592558 | |
| 245 | 1 | 0 | |a General topology |
| 260 | |a New York, USA |b Dover Publications |c 2004 | ||
| 300 | |a 369 páginas | ||
| 583 | |a last modification |c 20170527 00:32:00 |k Rodrigo Vera | ||
| 650 | 0 | |a Topología |9 260092 | |
| 650 | 0 | |a Espacios topológicos |9 360015 | |
| 856 | |u http://bibliografiadigital.pucv.cl.pucv.idm.oclc.org/index.php/bibliotecapucv/catalog/book/532 |y Disponible Online | ||
| 942 | |c BK |2 ddc | ||
| 945 | |d 20170527 00:32:00 |a arojas | ||
| 952 | |0 0 |1 0 |3 erb |4 0 |6 514_300000000000000_WIL_2004 |7 0 |8 A |9 483527 |a BIBMAT |b BIBMAT |i 5378206 |l 6 |m 1 |o 514.3 WIL 2004 |p 5378206 |q 2025-07-31 |r 2025-01-30 |s 2025-01-30 |w 2019-11-24 |y BK |z Catalogado en:20170527 |k MAT | ||
| 952 | |0 0 |1 0 |3 erb |4 0 |6 514_300000000000000_WIL_2004 |7 0 |8 A |9 483528 |a BIBMAT |b BIBMAT |i 539788K |l 3 |m 1 |o 514.3 WIL 2004 |p 539788K |r 2025-04-16 |s 2025-04-01 |w 2019-11-24 |y BK |z Catalogado en:20170616 |k MAT | ||